000
00295nam a2200121Ia 4500
005
20251222154311.0
008
251222s9999||||xx |||||||||||||| ||spa||
020
_a
84-01-46299-1
082
_a
818.6/R71
100
_a
"Robinson, Lynda S."
245
0
_a
Asesinatos en la ciudad real
942
_c
LIB
999
_c
33397
_d
33397